000 04210nam a22004937a 4500
005 20080927103653.0
008 080927t xxu||||| |||| 00| f eng d
010 _aB-311316-329
020 _a9780722533949
_c250.00
035 _aB-311316-329
035 _aB-359094
037 _bPansy Books
040 _adpl
_bEnglish
082 _aN
100 _aCoelho, Paulo
240 _aValkírias.
_lEnglish
245 _aThe valkyries :
_ban encounter with angels /
_cPaulo Coelho; translated by Alan R. Clarke
260 _aNew Delhi
_bHarperCollins Publishers,
_c2007
270 _a1A Hamilton House, Connaught Place
_bNew Delhi
_e110001
300 _a245p.
_c22cm(pbk)
520 _a"In this autobiographical tale, we follow Coelho and his wife Chris on a 40-day spiritual journey through the Mojave Desert in search of the eternal feminine. Translation has an uncertain feel and suffers from too much editing, pruning, and rearranging of the original as well as occasional misreading"--Handbook of Latin American Studies, v. 58.
_uhttp://www.loc.gov/hlas/
600 _aCoelho, Paulo.
650 _aOccultism.
650 _aAngels
_xMiscellanea.
700 _aClarke, Alan R.
942 _2ddc
_cEN
_hN
_mCOE
999 _c15775
_d15775